Chapter 25 : Coast Guard Academy.

Bibliographic Details
Corporate Author: United States. Coast Guard
Format: Government Document eBook
Language:English
Published: [Washington] : GPO, 1930.
Subjects:
Online Access:Connect to the full text of this electronic document

MARC

Tag First Indicator Second Indicator Subfields
LEADER 00000cam a22000001a 4500
001 in00003687331
005 20190408174015.0
006 m o d f
007 cr bn mmmapmmp
008 141125s1930 dcu o f000 0 eng d
035 |a ebd191005502 
040 |a UMI  |c UMI  |d UtOrBLW 
086 0 |a T 47.9:930/chap.25 
099 |a T47.9-3.25 
110 1 |a United States.  |b Coast Guard.  |0 http://id.loc.gov/authorities/names/n80125851 
245 1 0 |a Chapter 25 :  |b Coast Guard Academy. 
264 1 |a [Washington] :  |b GPO,  |c 1930. 
300 |a 1 online resource (pages 2,501 pages) 
336 |a text  |b txt  |2 rdacontent 
337 |a computer  |b c  |2 rdamedia 
338 |a online resource  |b cr  |2 rdacarrier 
533 |a Electronic reproduction.  |b [Bethesda, Md.] :  |c ProQuest,  |d 2014.  |e digital, PDF file.  |n ProQuest U.S. Executive Branch Documents  |n Mode of access: World Wide Web via ProQuest website. 
588 |a Record is based on online resource; title from PDF title page (ProQuest, last viewed Nov. 2014). Reuse except for individual research requires license from ProQuest, LLC. 
500 |a Electronic resource. 
610 2 0 |a United States Coast Guard Academy.  |0 http://id.loc.gov/authorities/names/n83169165 
655 7 |a Electronic books.  |2 local 
856 4 0 |u http://proxy.library.tamu.edu/login?url=http://congressional.proquest.com/congressional/docview/t66.d71.t47.9-3.25  |z Connect to the full text of this electronic document  |t 0 
999 f f |s 91585f49-3928-3cd1-9337-b4c6e16b85c7  |i 493441ec-f8e1-365a-bf6b-5630e8185fe9  |t 0 
952 f f |a Texas A&M University  |b College Station  |c Electronic Resources  |d Available Online  |t 0  |h No information provided 
998 f f |t 0  |l Available Online